Formování trhu práce v podmínkach transformace čs. ekonomiky. 1.

Vytváranie trhu práce v ČSFR sprevádzané dynamicky rastúcou nezamestnanosťou. Nezamestnanosť v posledných desaťročiach sprievodným javom vývoja vo všetkých trhových ekonomikách. Charakteristika príčin a vývoja tejto nezamestnanosti a jej vzťahu k trhu práce. Rozbor trhu práce a nezamestnanosti v poč...

Full description

Saved in:
Bibliographic Details
Main Author: Kalinová, Lenka
Other Authors: Czesaná, V.
Format: Book Chapter
Language:Czech
Subjects:
Tags: Add Tag
No Tags, Be the first to tag this record!

MARC

LEADER 00000naa a2200000 4500
001 r005293
005 20221130090626.1
041 0 |a cze 
044 |a [CS] 
245 1 0 |a Formování trhu práce v podmínkach transformace čs. ekonomiky. 1.  |c Lenka Kalinová, V. Czesaná 
520 |a Vytváranie trhu práce v ČSFR sprevádzané dynamicky rastúcou nezamestnanosťou. Nezamestnanosť v posledných desaťročiach sprievodným javom vývoja vo všetkých trhových ekonomikách. Charakteristika príčin a vývoja tejto nezamestnanosti a jej vzťahu k trhu práce. Rozbor trhu práce a nezamestnanosti v počiatočnej fáze transformácie ekonomiky v ČSFR. Hlavné činitele ovplyvňujúce nezamestnanosť v ČSFR. 
610 2 0 |a trh práce 
610 2 0 |a ČSFR 
610 2 0 |a nezamestnanosť 
610 2 0 |a reformy hospodárske 
610 2 0 |a hospodárstvo trhové 
100 1 |a Kalinová, Lenka 
700 1 |a Czesaná, V.